zpět

Detail výsledku týmu

Kozlovna S-klub, Olomouc

Datum a čas kvízu

39 Celkem bodů Celkový počet nahraných bodů na tomto kvízu bez doplňovacích otázek.
2. Pořadí na kvízu Konečné umístění týmu na tomto kvízu.

Zaznamenané odpovědi

# Otázka Odpověď Body Výsledky
1. Městský soud v Praze vyhlásil... Firo-tour 0
2. Premiér jisté země minulý týde... Japonsko 1
3. Minulý týden vstoupil do český... Tenet 1
4. Česká vláda v pondělí schválil... 1 rok 1
5. Slavná tenisová dvojčata Mike... Bryanovi 0
6. V tomto tématu se podíváme na... (druhá) punská válka 1
7. V roce 1805 se odehrála bitva... Cádiz 0
8. Jak se jmenoval americký gener... Robert Edward Lee 1
9. V počáteční fázi první světové... Marna/La Marne 0
10. Cílem této vojenské operace v... Ofenzíva Tet 0